The cost of social security fourteenth international inquiry : comparative tables

Bibliographic Details
Format: Serial
Language:English
PhysicalDescription:zv. 30 cm
Published: Geneva International Labour Office
ISBN:922007348X
Subjects:

MARC

LEADER 00000cas a2200000 a 4500
001 vtls001218619
003 SK-MaSNL
005 20260228162030.0
008 960412duuuuuuuusz x frs 1000f0eng c
015 |a SNBZSA1996 
020 |a 922007348X 
035 |a SNK000162330 
040 |a SNK  |b slo  |c SNK  |e AACR2 
041 0 |a eng 
044 |a sz  |c CH 
072 7 |a 364  |x Sociálne problémy vyžadujúce podporu a pomoc. Sociálne zabezpečenie  |2 konspekt 
080 |a 364  |2 2011 
080 |a 338.58  |2 2001 
080 |a (083.4)  |2 2011 
080 |a (062.534)  |2 2011 
080 |a (083.41)  |2 2011 
245 0 0 |a The cost of social security  |b fourteenth international inquiry : comparative tables 
260 |a Geneva  |b International Labour Office 
300 |a zv.  |c 30 cm 
650 0 7 |a sociálne zabezpečenie  |2 SNKPH  |9 3720 
650 0 7 |a sociálne náklady  |2 SNKPH  |9 2320 
655 7 |a zborníky konferencií  |2 SNKPH  |9 70153 
655 7 |a tabuľky  |2 SNKPH  |9 70234 
655 7 |a štatistiky  |2 SNKPH  |9 70182 
910 |a snk 
919 |a 92-2-007348-X 
958 |a TL 
958 |a OND 
958 |a ZB 
958 |a ZS 
999 |c 6576  |d 8506 
952 |0 0  |1 1  |4 0  |7 0  |8 2  |a SNK  |b SNK  |d 1996-07-29  |i snkV 1184/96  |l 0  |o snkČB 5600/1987-1989  |p 17A0006821  |r 2005-01-01 00:00:00  |w 2026-02-21  |y PREZ